|
|
|
|
| LEADER |
01053ppm a22002538a 4500 |
| 001 |
00041072 |
| 005 |
20180316090338.0 |
| 008 |
121122s2009 ||||||viesd |
| 041 |
0 |
# |
|a vie
|
| 082 |
1 |
4 |
|a 895.922 300 9
|b NH121V
|
| 100 |
1 |
# |
|a Tiêu, Thanh Nhiều
|
| 245 |
0 |
0 |
|a Nhân vật trong văn xuôi Hồ Anh Thái
|b Luận văn thạc sĩ Ngữ Văn . Chuyên ngành: Lý luận văn học . Mã số: 60.22.32
|c Tiêu Thanh Nhiều ; Lê Văn Dương (hướng dẫn)
|
| 260 |
# |
# |
|a Nghệ An
|b Đại học Vinh
|c 2008
|
| 300 |
# |
# |
|c 30 cm
|a 99 tr.
|e 1 bản tóm tắt
|
| 500 |
# |
# |
|a ĐTTS ghi: Bộ giáo dục và đào tạo. Đại học Vinh
|
| 653 |
# |
# |
|a Luận văn
|
| 653 |
# |
# |
|a Văn học Việt Nam
|
| 653 |
# |
# |
|a Truyện ngắn
|
| 653 |
# |
# |
|a Lí luận
|
| 653 |
# |
# |
|a Nhân Vật
|
| 700 |
1 |
# |
|a Lê, Văn Dương
|e Hướng dẫn
|
| 852 |
# |
# |
|j LV.0001820
|
| 910 |
|
|
|d 16/03/2018
|
| 980 |
# |
# |
|a Trung tâm Học liệu Lê Vũ Hùng, Trường Đại học Đồng Tháp
|